00526nam a2200157 a 450000100060000000300090000600800410001502000180005604000280007408200200010211000590012224500620018126000480024330000250029165000520031624639CO-ViMGA141112s2004 ck r 000 u spa d a9789589841198 aCO-ViMGAbspacCO-ViMGA04a709.86152 C656p aSalón Nacional de Artistas (41 : 2008 - 2009 : Cali)10a41 Salón Nacional de Artistas : bproyecto pedagógico aColombia : bMinisterio de Cultura?, c2009 a93 p. : il. ; 24 cm.14aArte - - Enseñanza - - Colombia - - Proyectos